|
|
|
|
| LEADER |
01167nam a2200289 u 4500 |
| 001 |
10045524 |
| 003 |
upatras |
| 005 |
20210117200157.0 |
| 008 |
030210s1982 us eng |
| 020 |
|
|
|a 0897661508
|
| 040 |
|
|
|a GR-PaULI
|c GR-PaULI
|
| 041 |
0 |
|
|a eng
|
| 084 |
|
|
|a QU 25
|
| 245 |
1 |
0 |
|a Relaxin
|b structure, function and evolution
|c edited by Bernard G. Steinetz, Christian Schwabe, Gerson Weiss
|
| 260 |
|
|
|a New York
|b New York Academy of Sciences
|c 1982
|
| 300 |
|
|
|a 246 p.
|b fig.
|c 23 cm.
|
| 490 |
0 |
|
|a Annals of the New York Academy of Sciences
|v 380
|
| 504 |
|
|
|a Includes index
|
| 650 |
|
4 |
|a Βιοχημεία
|9 39
|
| 700 |
1 |
|
|a Steinetz, Bernard G.
|4 edt
|9 36233
|
| 700 |
1 |
|
|a Weiss, Gerson
|4 edt
|9 36234
|
| 760 |
0 |
|
|a Annals of the New York Academy of Sciences
|g 380
|
| 852 |
|
|
|a GR-PaULI
|b ΠΑΤΡΑ
|b ΙΑΤΡΙΚΗ
|k ΑΣΧΞ-10
|h QU 25 STE
|m 2596
|p 025000028513
|t 1
|
| 942 |
|
|
|2 ddc
|c BK15
|
| 952 |
|
|
|0 0
|1 0
|2 nlm
|4 0
|6 QU_25_STE
|7 0
|9 35063
|a MEDI
|b MEDI
|c DON
|d 2016-04-24
|i 2596
|l 0
|o QU 25 STE
|p 025000028513
|r 2016-04-24 00:00:00
|t 1
|w 2016-04-24
|y BK15
|z Δωρεά Χ. Κουτσογεωργόπουλου
|
| 998 |
|
|
|c ΙΩΑΝΝΙΔΗ
|d 2003-02
|
| 999 |
|
|
|c 22385
|d 22385
|